|
|
|
|
| LEADER |
00000nam a2200000 a 4500 |
| 001 |
UCH1440 |
| 003 |
CL-VaPUC |
| 008 |
090427e19700000US |||||||||||||||||eng|d |
| 082 |
0 |
4 |
|a 303.4
|b GEY
|2 21
|
| 100 |
0 |
|
|a Geyer, Georgie Anne
|e author
|9 535926
|
| 245 |
1 |
4 |
|a The new latins: fateful change in south and central america
|
| 300 |
|
|
|a 340 p
|
| 942 |
|
|
|c BK
|
| 945 |
|
|
|d 20090427 00:00:00
|a rbrito
|
| 260 |
|
|
|a Nueva York
|b Doubleday
|c 1970
|
| 650 |
|
0 |
|a Cambio social
|9 256857
|
| 650 |
|
0 |
|a Democracia
|9 255256
|
| 650 |
|
0 |
|a Autoritarismo
|9 295297
|
| 651 |
|
0 |
|a América del Sur
|9 260128
|
| 651 |
|
0 |
|a América Central
|9 255026
|
| 583 |
|
|
|a last modification
|c 20090427 00:00:00
|k Rodrigo Vera
|
| 999 |
|
|
|c 333479
|d 333477
|
| 952 |
|
|
|0 0
|1 0
|4 0
|6 303_400000000000000_GEY_1970
|7 0
|8 A
|9 421914
|a BIBHIS
|b BIBHIS
|d 2019-11-22
|i 4539699
|o 303.4 GEY 1970
|p 4539699
|r 2025-01-20
|w 2019-11-22
|y BK
|k HIS
|